000 00612nam a2200181 a 4500
001 000019204
005 20200929165941.0
008 100528s2003 pr r 000 p spa d
040 _aDO-SdBNP
_bspa
_cBNPHU
082 _aPR861.44
_bC965d
100 1 _aCuevas Silvagnoli, Eddie,
_d1959-
_941321
245 1 3 _aUn día común y corriente :
_bel once de septiembre /
_cEddie Cuevas Silvagnoli.
260 _aToa Baja, Puerto Rico :
_bGraphics Group,
_c2003.
300 _a80 p. ;
_c22 cm.
650 4 _aPoesía puertorriqueña
_ySIGLO XX
_99029
650 4 _aLiteratura puertorriqueña
_ySIGLO XX
_95311
049 _aBNGR
999 _c18722
_d18722